000
00281nam a2200121Ia 4500
008
191201s2014 xx 000 0 und d
100
_a
CHAKRABORTY, Swapan Kumar
245
0
_a
Discrete Mathematics
260
_b
Oxford
_c
2014
300
_a
567
650
_a
MCA
942
_2
ddc
_c
BK
_0
3
999
_c
6817
_d
6817